01247cam a22003137a 4500003000500000005001700005008004100022010001000063011001000073035001000083040000900093100003100102245013000133260004000263300001000303590004100313590004100354590004100395590004200436650003700478650002600515901000700541942000900548949004300557949005500600999001700655952013300672952012800805CHAP20220329135831.0971013s1995 r 00010 d a42975 a43947 a48085 cCHAP00aPérez Lugo, Luis.98981113aLa conciencia y la alienación en la sociedad industrial avanzada ; en la obra de Herbert Marcuse "El hombre unidimensional" aChapingo, Méx. :bEl autor,c1995 a45 h. aBATCH-UPDb10c20130110lUCH01h1208 aBATCH-UPDb10c20130410lUCH01h0748 aBATCH-UPDb10c20130914lUCH01h1925 aCONVERSIONb10c20130109lUCH01h132414aSociología industrial.910821314aTecnología.9111937 aBK cFOLL bBCcTESd-109065eTS1h28023i48085si bBCcTESd33724000004560eTS2fc.2h28024i48085si c42975d42975 00102local4053708TESISaBCbBCcPA_TESISd2019-12-31fTESISl0p33724000004560r2019-12-31 00:00:00tc.2w2019-12-31yTESIS 00102local4051708TESISaBCbBCcPA_TESISd2019-12-31fTESISl0oTesisp-109065r2019-12-31 00:00:00w2019-12-31yTESIS